| 000 | 00345cam a22001337a 4500 | ||
|---|---|---|---|
| 008 | 180718b1960 xxu||||| |||| 00| 0 eng d | ||
| 082 | _aLx54 M691/60 | ||
| 100 | _aMisra, B.R. | ||
| 245 |
_aIndian federal finance _cby B.R. Misra |
||
| 250 | _a3rd ed. | ||
| 260 |
_aBombay _bLongmans _c1960 |
||
| 300 | _a463p. | ||
| 650 | _aFinance, Public - India | ||
| 999 |
_c374060 _d374060 |
||